banner koha

Substituicao de amido por pectina em dietas com diferentes niveis de concentrado; 1: desempenho animal e caracteristicas de carcaca (Registro n. 160715)

MARC details
000 -LÍDER
campo de controle de tamanho fixo 01066nas a2200349 4500
001 - NÚMERO DE CONTROLE
campo de controle BR9900839
003 - IDENTIFICADOR DO NÚMERO DE CONTROLE
campo de controle BR-BrBNA
005 - DATA E HORÁRIO DA ÚLTIMA TRANSAÇÃO
campo de controle 20231205101244.0
007 - CAMPO FIXO DE DESCRIÇÃO FÍSICA--INFORMAÇÃO GERAL
campo de controle de tamanho fixo ta
008 - CAMPO DE DADOS FIXOS--INFORMAÇÃO GERAL
campo de controle de tamanho fixo 230509b bl.|||p| |||| 00| 00por d
040 ## - FONTE DA CATALOGAÇÃO
Instituição da catalogação original BR-BrBNA
Idioma da catalogação por
Instituição que transcreveu o registro Biblioteca Nacional de Agricultura
041 ## - CÓDIGO DE IDIOMA
Código do idioma do texto/trilha sonora ou título diferente (Pt)
072 ## - CÓDIGO DE CATEGORIA DE ASSUNTO
Código de Categoria de Assunto Q54; L02
100 1# - ENTRADA PRINCIPAL--NOME PESSOAL
Nome pessoal Henrique, W.
100 1# - ENTRADA PRINCIPAL--NOME PESSOAL
Nome pessoal Leme, P.R.
100 1# - ENTRADA PRINCIPAL--NOME PESSOAL
Nome pessoal Lanna, D.P.D.
100 1# - ENTRADA PRINCIPAL--NOME PESSOAL
Nome pessoal Coutinho Filho, J.L.V.
100 1# - ENTRADA PRINCIPAL--NOME PESSOAL
Nome pessoal Peres, R.M.
100 1# - ENTRADA PRINCIPAL--NOME PESSOAL
Nome pessoal Justo, C.L.
100 1# - ENTRADA PRINCIPAL--NOME PESSOAL
Nome pessoal Siqueira, P.A. de
100 1# - ENTRADA PRINCIPAL--NOME PESSOAL
Nome pessoal Alleoni, G.F.
245 1# - TÍTULO
Título Substituicao de amido por pectina em dietas com diferentes niveis de concentrado; 1: desempenho animal e caracteristicas de carcaca
650 ## - ASSUNTO--TERMO TÓPICO
Cabeçalho tópico ou nome geográfico Gado Santa Gertrudes
650 ## - ASSUNTO--TERMO TÓPICO
Cabeçalho tópico ou nome geográfico Pectina
650 ## - ASSUNTO--TERMO TÓPICO
Cabeçalho tópico ou nome geográfico Amido
650 ## - ASSUNTO--TERMO TÓPICO
Cabeçalho tópico ou nome geográfico Dieta
650 ## - ASSUNTO--TERMO TÓPICO
Cabeçalho tópico ou nome geográfico Composicao de Alimento
650 ## - ASSUNTO--TERMO TÓPICO
Cabeçalho tópico ou nome geográfico Carcaca
773 0# - ENTRADA ANALÍTICA
Título Revista Brasileira de Zootecnia (Brazil)
ISSN - International Standard Serial Number ISSN 0100-4859
Partes relacionadas (Nov-Dec 1998), v. 27(6) p. 1206-1211
Número de controle do registro BR9900839
909 ## -
-- 202311
-- Lúcia
-- 55
-- Lúcia Elande
942 ## - ELEMENTOS DE ENTRADA ADICIONADOS (KOHA)
Fonte da classificação ou esquema de arquivamento na estante Classificação AGRIS
Ocultar no OPAC Não
Tipo de material Koha Analítica
Exemplares
Situação do descarte Fonte da classificação ou esquema de arquivamento na estante Situação física Não pode ser emprestado Biblioteca de origem Biblioteca atual Localização na estante Enumeração do periódico / cronologia Total de empréstimos Data de último acesso Número do exemplar Tipo de material Koha Fonte de aquisição
  Classificação AGRIS   Consulta local Biblioteca Nacional de Agricultura - Binagri Biblioteca Nacional de Agricultura - Binagri   (Nov-Dec 1998), v. 27(6) p. 1206-1211   29/11/2023 01 Periódicos Portaria Interministerial nº 164/94

BINAGRI

Telefone: (61)3218-2567/2388/3357/2097 - binagri@agro.gov.br

Ministério da Agricultura e Pecuária , Esplanada dos Ministérios, Bloco D, Anexo B, Brasília/DF, CEP: 70.043-900